[Event "Challenge"]
[Site "http://www.queenalice.com/game.php?id=640060"]
[Date "2009.8.21"]
[Round "-"]
[White "mbacellar"]
[Black "dionesf"]
[Result "0-1"]
[WhiteElo "1232"]
[BlackElo "1193"]

1. h4 e5 2. g3 Bc5 3. e3 Nf6 4. Bg2 h5 5. Nh3 g6 6. b3 a6 7. c3 Ng4 8. f3 Nf6 9.
Nf2 Nc6 10. b4 Bb6 11. Bh3 a5 12. b5 Na7 13. c4 Ng8 14. Ba3 c6 15. Ne4 f5 16.
Ng5 cxb5 17. Bf1 b4 18. Bb2 d6 19. d4 exd4 20. f4 dxe3 21. Bxh8 Nf6 22. Bg7 Kd7
23. Rh2 Nc6 24. Re2 Bd4 25. Nf7 Qg8 26. Bxf6 Bxf6 27. Rxe3 Bxa1 28. Nxd6 Ne7 29.
Rd3 Bc3+ 30. Ke2 Ra6 31. Nb5+ Kc6 32. Rd6+ Kc5 33. Kf3 Be6 34. Qd3 Bxc4 35. Qd1
Rxd6 36. Qxd6+ Kxb5 37. Bh3 Nc8 38. Qd1 Bxa2 39. Bf1+ Kc5 40. Qc2 Bd5+ 41. Ke3
Be4 42. Bd3 a4 43. Bxe4 fxe4 44. Kxe4 g5 45. Kd3 gxh4 46. gxh4 Qh7+ 0-1

[Event ":)))"]
[Site "http://www.queenalice.com/game.php?id=640237"]
[Date "2009.8.21"]
[Round "-"]
[White "dionesf"]
[Black "Mr_SPOCK"]
[Result "0-1"]
[WhiteElo "1162"]
[BlackElo "1531"]

1. e3 e5 2. b3 d5 3. g3 e4 4. c3 Nh6 5. Nh3 Bg4 6. Qc2 Bd6 7. Be2 Bxh3 8. Na3
O-O 9. d3 Bg4 10. f3 exf3 11. Bd1 Qf6 12. Nb5 f2+ 13. Kf1 Bf3 14. Bxf3 Qxf3 15.
Qxf2 Qxh1+ 16. Ke2 Ng4 17. Qf1 Qxh2+ 18. Ke1 Bxg3+ 19. Kd1 Nf2+ 20. Ke1 Nxd3+
21. Kd1 Na6 0-1

[Event "Challenge"]
[Site "http://www.queenalice.com/game.php?id=640575"]
[Date "2009.8.22"]
[Round "-"]
[White "dionesf"]
[Black "Leof"]
[Result "0-1"]
[WhiteElo "1178"]
[BlackElo "1555"]

1. e3 e5 2. Bc4 d5 3. Bf1 f6 4. c3 Nc6 5. Nf3 e4 6. Ng1 f5 7. g3 Bd7 8. a3 Ne5
9. Nh3 Nf3+ 10. Ke2 Bb5+ 11. c4 Bxc4+ 12. d3 Bxd3+ 13. Qxd3 exd3+ 14. Kxd3 Ne5+
15. Kd4 Nc6+ 16. Kc3 d4+ 17. exd4 Qxd4+ 18. Kc2 Qe4+ 19. Kc3 Qxh1 20. Nd2 Qxh2
21. Kc2 g5 22. Nxg5 Nd4+ 23. Kd3 Qxf2 24. b4 Rd8 25. g4 Nb3+ 26. Kc3 Nxa1 27.
Bb5+ c6 28. Ba4 Qe3+ 29. Kb2 Bg7+ 30. Kb1 Qxg5 31. Nb3 Qxg4 32. Nc5 f4 33. Nd3
Rxd3 34. Bb2 Bxb2 35. Kxb2 Rd2+ 36. Kxa1 Qg1+ 37. Bd1 Qxd1# 0-1

[Event "Challenge"]
[Site "http://www.queenalice.com/game.php?id=641012"]
[Date "2009.8.23"]
[Round "-"]
[White "zenasj"]
[Black "dionesf"]
[Result "0-1"]
[WhiteElo "1145"]
[BlackElo "1177"]

1. h4 d5 2. Nf3 g6 3. g3 Nf6 4. Bg2 Na6 5. O-O Bd7 6. Nh2 Nh5 7. c3 Bg7 8. Na3
e6 9. b4 c6 10. d3 Bxc3 11. Rb1 Bxb4 12. Nc2 Bc3 13. Bg5 Qc8 14. Rb3 Ba5 15. e3
h6 16. g4 Ng7 17. Bf4 f5 18. Be5 Rg8 19. d4 h5 20. g5 c5 21. Nf3 c4 22. Rb5 Bxb5
23. Na3 Bc6 24. Qc2 Qd7 25. Qb2 c3 26. Qb1 Ba4 27. Ne1 Rc8 28. Nd3 c2 29. Qb2
Ke7 30. Nb5 Bxb5 31. Qa3+ Kd8 32. Bf6+ Kc7 33. Nf4 Bxf1 34. Bxf1 Bd2 35. Be5+
Kb6 36. Qb3+ Nb4 37. Nxg6 c1=Q 0-1

[Event "Challenge"]
[Site "http://www.queenalice.com/game.php?id=656722"]
[Date "2009.9.23"]
[Round "-"]
[White "Leof"]
[Black "dionesf"]
[Result "1-0"]
[WhiteElo "1607"]
[BlackElo "1212"]

1. d3 e6 2. e4 d6 3. d4 b6 4. d5 e5 5. Bb5+ c6 6. dxc6 a6 7. c7+ Qd7 8. Bxd7+
Kxd7 9. cxb8=Q Rxb8 10. Nc3 Kd8 11. Nd5 Be6 12. Nb4 a5 13. Nc6+ Kc8 14. Nxb8
Kxb8 15. b3 f5 16. exf5 Bxf5 17. a4 d5 18. Qxd5 Bg4 19. Qxe5+ Kc8 20. Qe8+ Kb7
21. Qxf8 Nf6 22. Qxg7+ 1-0

[Event "Challenge"]
[Site "http://www.queenalice.com/game.php?id=657192"]
[Date "2009.9.24"]
[Round "-"]
[White "dionesf"]
[Black "mbacellar"]
[Result "1-0"]
[WhiteElo "1210"]
[BlackElo "1209"]

1. e3 Nc6 2. Bc4 b5 3. Bxb5 Na5 4. Qg4 Nf6 5. Qd1 c6 6. Be2 d5 7. Bf1 h5 8. Be2
e5 9. Kf1 h4 10. g3 hxg3 11. fxg3 Bb7 12. Ke1 Nh5 13. Bxh5 Rxh5 14. Qxh5 g6 15.
Qd1 c5 16. Nf3 e4 17. Ng1 Qf6 18. Nh3 Bc8 19. Nf2 Qe5 20. Ng4 Bxg4 21. Qxg4 Qf5
22. Qe2 Qf3 23. Qb5+ Kd8 24. Qxa5+ Ke7 25. Qxc5+ Ke8 26. Qc6+ Kd8 27. Qxa8+ Ke7
28. Qxa7+ Ke6 29. Qb8 Qxh1+ 30. Kf2 Qxh2+ 31. Ke1 Qxg3+ 32. Qxg3 Bd6 33. Qh3+ f5
34. d3 Kf6 35. a4 Bc7 36. a5 Bxa5+ 37. Ke2 Ke5 38. Rxa5 g5 39. Ra6 g4 40. Qh2+
1-0

[Event "Challenge"]
[Site "http://www.queenalice.com/game.php?id=657195"]
[Date "2009.9.24"]
[Round "-"]
[White "dionesf"]
[Black "Mr_SPOCK"]
[Result "0-1"]
[WhiteElo "1212"]
[BlackElo "1619"]

1. e3 e5 2. Bc4 d5 3. Bf1 d4 4. e4 Nf6 5. f3 Bc5 6. c3 dxc3 7. Nxc3 O-O 8. Na4
Bb4 9. Ne2 b5 10. Nac3 c6 11. a3 Ba5 12. Ng3 Na6 13. Nb1 Be6 14. h4 Qd6 15. b4
Bb6 16. Ne2 Nh5 17. g4 Ng3 18. Rh2 Nxf1 19. Kxf1 Qd3 20. h5 Qxf3+ 21. Ke1 Bxg4
22. Nbc3 Bxh5 23. a4 Nxb4 24. Ba3 Nd3# 0-1

[Event "Challenge"]
[Site "http://www.queenalice.com/game.php?id=661267"]
[Date "2009.10.1"]
[Round "-"]
[White "Carlos3000"]
[Black "dionesf"]
[Result "0-1"]
[WhiteElo "1686"]
[BlackElo "1242"]

1. e4 e5 2. d3 d6 3. Nf3 Bg4 4. Be2 Be7 5. O-O Be6 6. Nc3 Kf8 7. a4 Na6 8. Be3
h6 9. b3 b6 10. Nd2 Nf6 11. Nb5 c6 12. Na3 Ng8 13. c3 f5 14. exf5 Bxf5 15. b4 d5
16. Nf3 Nf6 17. Nxe5 Qc8 0-1

[Event ";)"]
[Site "http://www.queenalice.com/game.php?id=663204"]
[Date "2009.10.5"]
[Round "-"]
[White "Mr_SPOCK"]
[Black "dionesf"]
[Result "1-0"]
[WhiteElo "1467"]
[BlackElo "1226"]

1. e4 d6 2. d4 e6 3. Bb5+ c6 4. Ba4 b5 5. Bb3 d5 6. e5 Bb4+ 7. c3 Be7 8. Nh3 Na6
9. Bh6 gxh6 10. Qf3 Nf6 11. exf6 Bxf6 12. O-O Rg8 13. Qh5 Rg6 14. Nf4 Rg8 15.
Qxh6 Bg5 16. Qxh7 Kf8 17. Nh5 Ke7 18. h4 Bxh4 19. Ng7 Rh8 20. Qd3 Rg8 21. Qh7
Qf8 22. Qxh4+ Kd7 23. Nh5 f5 24. Nf6+ Kd6 25. Qf4+ Ke7 26. Nxg8+ Qxg8 27. Qh4+
Kd7 28. Nd2 Bb7 29. Nf3 Qg7 30. Ne5+ Kc7 31. Qf4 Rg8 32. g3 Rh8 33. Nf7+ Kd7 34.
Qd6+ Ke8 35. Nxh8 Qxh8 36. Qxe6+ Kf8 37. Qxf5+ Ke8 38. Rae1+ Kd8 39. Qg5+ Kd7
40. Qf5+ Kc7 41. Re7+ Kb6 42. Rh7 Qc8 43. Rd7 Nb8 44. Rxb7+ Qxb7 45. a4 bxa4 46.
Bxa4 Ka5 47. Ra1 Kb6 48. c4 Ka5 49. Bxc6+ Kb6 50. Bxb7 Kxb7 51. Qxd5+ Kc8 52.
Qc5+ 1-0

[Event "Challenge"]
[Site "http://www.queenalice.com/game.php?id=671037"]
[Date "2009.10.22"]
[Round "-"]
[White "QueenSarah"]
[Black "dionesf"]
[Result "1-0"]
[WhiteElo "1309"]
[BlackElo "1272"]

1. e4 d6 2. Qf3 e6 3. Bb5+ c6 4. Ba4 Qa5 5. b3 Qc7 6. Na3 Qd8 7. Nc4 b5 8. Bxb5
cxb5 9. Na3 b4 10. Nc4 Ba6 11. Ne3 Bb7 12. Nc4 f5 13. Qd3 Bxe4 14. Qg3 Bxc2 15.
d3 d5 16. Ne5 Bd6 17. Bf4 Nf6 18. Qxg7 Rg8 19. Qf7# 1-0

[Event "Challenge"]
[Site "http://www.queenalice.com/game.php?id=671040"]
[Date "2009.10.22"]
[Round "-"]
[White "xadrezpetry"]
[Black "dionesf"]
[Result "1-0"]
[WhiteElo "1469"]
[BlackElo "1239"]

1. e4 d6 2. Bc4 e6 3. Nc3 Nf6 4. b3 g6 5. Bb2 Bg7 6. g4 Nc6 7. Nb1 a6 8. g5 Nxe4
9. Bxg7 Rg8 10. Bh6 Nxg5 11. f4 Ne4 12. Nf3 b5 13. Bd3 Nf6 14. Rg1 d5 15. Qe2
Ng4 16. Rxg4 e5 17. Nxe5 Nd4 18. Qe3 Ne6 19. f5 Nf8 20. Nc6+ Kd7 21. Nxd8 Kxd8
22. f6 Bxg4 23. Qe7+ Kc8 24. Bf4 Kb7 25. Qxc7# 1-0

[Event "AUTO-BEG-353"]
[Site "http://www.queenalice.com/game.php?id=680386"]
[Date "2009.11.9"]
[Round "1"]
[White "negaadelaide"]
[Black "dionesf"]
[Result "1-0"]
[WhiteElo "1530"]
[BlackElo "1257"]

1. Nf3 Na6 2. d4 e6 3. e4 Nb8 4. Nc3 Nf6 5. Be3 Ng8 6. Bd3 Nc6 7. a3 Nf6 8. e5
Ng8 9. Qe2 d5 10. O-O-O f6 11. exf6 gxf6 12. Bd2 Nh6 13. h3 Qd7 14. Rde1 Qg7 15.
g3 a5 16. Nb5 Ng8 17. Nxc7+ Qxc7 18. g4 Kf7 19. Rhg1 Bd7 20. g5 fxg5 21. Nxg5+
Ke8 22. Nxe6 Bxe6 23. Qxe6+ Be7 24. Rxg8+ Rxg8 25. Qxg8+ Kd7 26. Qxa8 Bd8 27.
Bf5+ 1-0

[Event "AUTO-BEG-353"]
[Site "http://www.queenalice.com/game.php?id=680387"]
[Date "2009.11.9"]
[Round "1"]
[White "dionesf"]
[Black "negaadelaide"]
[Result "0-1"]
[WhiteElo "1242"]
[BlackElo "1488"]

1. e3 c5 2. Qf3 e6 3. Qh3 Nf6 4. b3 Nc6 5. Ba3 Qb6 6. Ne2 d5 7. Qf3 Ne5 8. Qg3
Ng6 9. Nc1 Bd6 10. Qf3 Bd7 11. Nc3 Bc6 12. Nd3 d4 13. Qe2 dxc3 14. dxc3 Qa5 15.
b4 Qxa3 16. bxc5 Qxc3+ 0-1

[Event "AUTO-BEG-353"]
[Site "http://www.queenalice.com/game.php?id=680408"]
[Date "2009.11.9"]
[Round "1"]
[White "DRL"]
[Black "dionesf"]
[Result "1-0"]
[WhiteElo "1230"]
[BlackElo "1285"]

1. e4 d6 2. d4 Bd7 3. d5 Nf6 4. Nc3 a6 5. Bd3 g6 6. Nf3 e5 7. O-O b5 8. Bg5 Be7
9. b3 h6 10. Be3 c6 11. a4 Kf8 12. Na2 Bg4 13. Nb4 c5 14. Nc6 Nxc6 15. dxc6 Rc8
16. axb5 axb5 17. Bxb5 Rb8 18. Bc4 Rc8 19. Bd5 Qb6 20. c4 Qxb3 21. Qxb3 1-0

[Event "AUTO-BEG-353"]
[Site "http://www.queenalice.com/game.php?id=680409"]
[Date "2009.11.9"]
[Round "1"]
[White "dionesf"]
[Black "DRL"]
[Result "0-1"]
[WhiteElo "1267"]
[BlackElo "1248"]

1. e3 e5 2. Nf3 e4 3. Ng1 d5 4. Nc3 Nf6 5. h3 Be6 6. Be2 Bb4 7. a3 Bc5 8. d4 Bd6
9. f4 O-O 10. Bd2 c6 11. Kf1 a5 12. Nb1 b5 13. c3 a4 14. b3 axb3 15. Qxb3 Na6
16. Qd1 Bf5 17. g4 Be6 18. Ke1 Nc7 19. Bc1 Qc8 20. Qd2 c5 21. dxc5 Bxc5 0-1

[Event "Challenge"]
[Site "http://www.queenalice.com/game.php?id=687014"]
[Date "2009.11.22"]
[Round "-"]
[White "dionesf"]
[Black "FENIX_RJ"]
[Result "1-0"]
[WhiteElo "1264"]
[BlackElo "1383"]

1. e3 e5 2. Qf3 Nf6 3. Qd1 d5 4. Nc3 d4 5. exd4 Bg4 6. f3 Bh5 7. dxe5 Nd5 8.
Nxd5 Qxd5 9. c4 Qd4 10. Ne2 Qb6 11. Nf4 g6 12. g4 Qd4 13. d3 Qxe5+ 14. Kd2 Qa5+
15. Ke2 Qe5+ 16. Kf2 Bc5+ 17. Kg2 g5 18. Nxh5 Nd7 19. f4 gxf4 20. Bxf4 Qd4 21.
Rb1 Qf2+ 22. Kh3 Qe3+ 23. Bxe3 Bxe3 24. Qe1 O-O-O 25. Qxe3 c5 26. Bg2 Rhe8 27.
Qh6 Re6 28. Qxh7 Ne5 29. Rbd1 Nxd3 30. Qxf7 Re3+ 31. Kh4 Rd7 32. Qf5 Re5 33. Qg6
Nf4 34. Qc2 Rd4 35. Rxd4 cxd4 36. Nxf4 Re3 37. Nd5 1-0

[Event "Challenge"]
[Site "http://www.queenalice.com/game.php?id=689411"]
[Date "2009.11.27"]
[Round "-"]
[White "QueenSarah"]
[Black "dionesf"]
[Result "0-1"]
[WhiteElo "1279"]
[BlackElo "1252"]

1. e4 d6 2. d4 Bd7 3. Bc4 e6 4. d5 e5 5. Nf3 b5 6. Bd3 a6 7. b4 Bg4 8. Bg5 f6 9.
Bh4 c5 10. bxc5 dxc5 11. c4 Qa5+ 12. Qd2 Qb6 13. h3 Bd7 14. a3 Qd8 15. Nc3 Bd6
16. Rb1 Bc7 17. cxb5 a5 18. a4 g5 0-1

[Event "Challenge"]
[Site "http://www.queenalice.com/game.php?id=702585"]
[Date "2009.12.23"]
[Round "-"]
[White "dionesf"]
[Black "lica"]
[Result "0-1"]
[WhiteElo "1279"]
[BlackElo "1304"]

1. e3 e5 2. Bc4 Qh4 3. Nf3 Qxc4 4. Nxe5 Qe4 5. Nf3 Nf6 6. d3 Qb4+ 7. c3 Qg4 8.
h3 Qxg2 9. Rh2 Qg6 10. Rh1 Qg2 11. Rh2 Qg6 12. Kf1 Qf5 13. Nh4 Qe6 14. Na3 Bxa3
15. bxa3 Nc6 16. Nf3 Ne5 17. Ng5 Qf5 18. f4 h6 19. Nf3 Nxd3 20. Nh4 Qe4 21. Rd2
Qxe3 22. Rxd3 Qc5 23. Rb1 d6 24. Qe1+ Be6 25. Ra1 g5 26. Ng2 a5 27. fxg5 hxg5
28. h4 gxh4 29. Nxh4 Rxh4 30. Qxh4 Qf5+ 31. Kg2 Ke7 32. Rf3 Qe5 33. Bg5 Rg8 34.
Re3 Rxg5+ 35. Kf2 Rg2+ 36. Kf3 Bg4+ 37. Kxg2 Qxe3 38. Re1 Be2 39. Qh3 Qxh3+ 40.
Kxh3 c5 41. Rxe2+ Kd7 42. Rf2 Nd5 43. Rf3 Kc6 44. c4 Nb6 45. Rf4 a4 46. Rxf7
Nxc4 47. Rf3 Kb5 48. Kg4 Ne5+ 49. Kg3 b6 50. Rf4 Nd3 51. Rf3 Kc4 52. Rf6 b5 53.
Rxd6 b4 54. Rxd3 Kxd3 55. Kf2 bxa3 56. Ke1 c4 57. Kd1 Kc3 58. Ke2 Kb2 0-1

[Event "Challenge"]
[Site "http://www.queenalice.com/game.php?id=705302"]
[Date "2009.12.29"]
[Round "-"]
[White "zenasj"]
[Black "dionesf"]
[Result "0-1"]
[WhiteElo "1121"]
[BlackElo "1269"]

1. g3 d6 2. Bg2 e5 3. Nf3 Nc6 4. O-O Nf6 5. b3 Be6 6. h3 d5 7. Nc3 Bd6 8. Ng5
Bf5 9. Nb5 Bc5 10. h4 h6 11. Nf3 a6 12. Nc3 b5 13. a3 Bd6 14. Qe1 Rb8 15. Ra2 b4
16. Na4 Rg8 17. d3 g5 18. Nb2 e4 19. Nd2 Kf8 20. Na4 Ke8 21. Bb2 Qe7 22. Nb1 Qd8
0-1